LEADER 01098nam a2200277 i 4500 001 991000581729707536 008 081006s2008 it |||| 00| | ita d 020 $a9788823842007 035 $ab13879376-39ule_inst 040 $aISUFI - Sett. e-Business 082 0 $a658.402$222 100 1 $aLega, Federico$0437648 245 10$aManagement dell'azienda brain-intensive :$bschemi interpretativi e profili evolutivi delle burocrazia professionali /$cFederico Lega 260 $aMilano :$bEGEA,$c2008 300 $axv, 183 p. ;$c24 cm 490 1 $aBiblioteca dell'economia d'azienda 504 $aBibliografia: p. 169-183 650 04$aAziende di servizi$xOrganizzazione 650 04$aAziende di servizi$xProcessi innovativi 830 0$aBiblioteca dell'economia d'azienda 907 $a.b13879376$b28-01-14$c08-02-10 912 $a991000581729707536 945 $aLE018$g1$i2018000001239$lle018$op$pE22.00$q-$rn$s- $t0$u0$v0$w0$x0$y.i15071145$z08-02-10 996 $aManagement dell'azienda brain-intensive$9225617 997 $aUNISALENTO 998 $ale018$b20-11-09$cm$da $e-$fita$git $h0$i0